000 01278cam a2200241 4500
001 WB3732-22
008 010828n2001 000 0 eng u
035 _a(Sirsi) u114356
245 _aFire precautions
260 _c2001
490 _aEstates Gazette
_v[2001] 33 EG 86 (CS) (18/8/01)
520 _a"City Logistics Ltd v Northamptonshire County Fire Officer" CA 25 July 2001. Concerned the serving of a notice by the fire officer (B), under Fire Precautions Act 1971 s5(4), requiring the tenant (A) of a warehouse in Northampton to install an expensive sprinkler system in order to obtain a fire certificate. A appealed against the notice, claiming it was not valid. Held: The appeal was allowed. Full copy of judgment available on http://porch.ccta.gov.uk/courtser/judgements.nsf/Search/A2D3879206C3610080256A96003C9396?OpenDocument
590 _aWB
650 _aCITY LOGISTICS LTD V NORTHAMPTONSHIRE COUNTY FIRE OFFICER
650 _aFIRE CERTIFICATES
650 _aFIRE PRECAUTIONS ACT 1971 S5(4)
650 _aFIRE STANDARDS
650 _aFIRE PRECAUTIONS
650 _aSPRINKLERS
690 _aHealth and safety
_96244
856 _uhttps://porch.ccta.gov.uk/courtser/judgements.nsf/Search/A2D3879206C3610080256A96003C9396?OpenDocument
942 _n0
999 _c68097
_d68097